000 00507 a2200229 4500
260 _aCotonou
100 _aALABAH, O. A. Hermann
700 _aALLABI, JEan Luc A.
260 _bENEAM
300 _b127 p
245 _aAutomatisation du suivi des crédits en souffrance au PADME
650 _aMARKETING
650 _aACTION COMMERCIALE
650 _aSUIVI DE CREDIT
650 _aPADME
260 _c2007
130 _lFr
500 _a1 ex
040 _aENEAM
999 _c9830
_d9830